00377nam a2200133Ia 4500003000400000005001700004008004000021040000700061041000800068082001200076100002000088245008300108260005200191OSt20230311125557.0210210b1930 xxu||||| |||| 00| 0 eng d cAL aeng a336/122 aKNOWLES (L C A) aIndustrial and commercial revolutions in Great Britain during the 19th century aLondonbGeorge Routledge and Sons Limitedc1930